| 000 | 00652nam a2200229 i 4500 | ||
|---|---|---|---|
| 001 | bg | ||
| 100 | 1 |
_aYARON, Bruno _d(1929- ) |
|
| 245 | 1 | 0 |
_aSoil pollution : _bprocesses and dynamics / _cB. Yaron, R. Calvet, R. Prost. |
| 260 |
_aBerlin [et al.] : _bSpringer, _c1996. |
||
| 300 |
_aXI, 313 s. : _brys., wykr. ; _c24 cm. |
||
| 504 | _aBibliogr. przy rozdz. | ||
| 650 | 9 |
_aGleba _xhigiena i ochrona |
|
| 700 | 1 | _aCALVET, Raoul | |
| 700 | 1 |
_aPROST, Renè _d(1938- ) |
|
| 020 | _a354060927X | ||
| 040 | _cBPK | ||
| 041 | 0 | _aen | |
| 080 | _a631.4:504.5.054 | ||
| 920 | _a3-540-60927-X | ||
| 942 | _cKS | ||
| 008 | s pl f |000 0 pol | ||
| 999 |
_c32976 _d32976 |
||
| 856 |
_uhttp://koha.tu.koszalin.pl/cgi-bin/koha/opac-detail.pl?biblionumber=32976 _yKatalog online BPK |
||